Joueur avec plus de 500 buts – Mort subite - Statistiques

Statistiques générales
  • Ce quiz a été pris 386 fois
  • Le résultat moyen est 4 sur 12
Answers on the Grid
Answers color-coded by a green-red scale on the quiz's grid according to % correct below.
Cristiano Ronaldo
Lionel Messi
Josef Bican
Romário
Pelé
Ferenc Puskás
Gerd Müller
Eusébio
Zlatan Ibrahimović
Robert Lewandowski
Luis Suárez
Hugo Sánchez
Kylian Mbappé
Erling Haaland
Neymar
Harry Kane
Gonzalo Higuaín
Mohamed Salah
Sergio Aguero
Thierry Henry
Samuel Eto'o
Wayne Rooney
Karim Benzema
Jimmy Greaves
Edinson Cavani
Ronaldo Nazário (R9)
Michael Owen
Antoine Griezmann
Alessandro Del Piero
Miroslav Klose
 
Statistiques - réponses
Réponse % Correct
Lionel Messi
65%
Cristiano Ronaldo
61%
Pelé
50%
Robert Lewandowski
47%
Gerd Müller
31%
Luis Suárez
26%
Zlatan Ibrahimović
26%
Ferenc Puskás
20%
Eusébio
17%
Josef Bican
16%
Romário
16%
Hugo Sánchez
5%
Aucun quiz correspondant
Distribution des résultats
% des personnes avec chaque résultat
Percentile par nombre de réponses
Votre historique - résultats
Vous n’avez pas pris ce quiz